00357nam a2200133Ia 4500008004100000020001500041041001200056082001600068100001400084245006500098260003800163300000800201650001400209221030s9999 xx 000 0 und d a8173194726 aEnglish a105.23bJag aJag Mohan 0aOrganic Analytical Chemistry Theory & Practicecby Jag Mohan bNarosa Pub. HouseaNew Delhic660 a660 aChemistry